ECE OSN o vyhliadkach rastu v roku 2000

Zlepšenie hospodárskej situácie v západnej Európe. Základné makroekonomické údaje za rok 1999. Porovnanie ekonomickej situácie západoeurópskych štátov s USA. Ekonomické očakávania a krátkodobé vyhliadky pre transformujúce sa krajiny. Rast HDP v Európe. Prognózy rastu HDP v strednej a východnej Európ...

Descrizione completa

Salvato in:
Dettagli Bibliografici
Natura: Capitolo di libro
Lingua:slovacco
Soggetti:
Tags: Aggiungi Tag
Nessun Tag, puoi essere il primo ad aggiungerne!!

MARC

LEADER 00000naa a2200000 4500
001 r036718
005 20230824102219.0
041 0 |a slo 
044 |a SK 
245 1 0 |a ECE OSN o vyhliadkach rastu v roku 2000 
520 |a Zlepšenie hospodárskej situácie v západnej Európe. Základné makroekonomické údaje za rok 1999. Porovnanie ekonomickej situácie západoeurópskych štátov s USA. Ekonomické očakávania a krátkodobé vyhliadky pre transformujúce sa krajiny. Rast HDP v Európe. Prognózy rastu HDP v strednej a východnej Európe. 
610 2 0 |a rast hospodársky 
610 2 0 |a ukazovatele makroekonomické 
610 2 0 |a produkt domáci hrubý 
610 2 0 |a SVE 
610 2 0 |a Európa 
610 2 0 |a prognózy hospodárske 
610 2 0 |a oživenie 
610 2 0 |a priemysel